000
00331nam a22001457a 4500
008
210609b ||||| |||| 00| 0 eng d
020
_a
9780062750112
041
_a
eng
080
_a
038
082
_a
038
100
_a
24
101
_a
FJA
245
_a
Thorndike-Barnhart Student Dictionary
_c
Thorndike,E.L
942
_2
udc
_c
BK
999
_c
58091
_d
58091